00242nam a2200097Ia 4500008004100000100001700041245004200058260002800100300000800128650000800136191201s2014 xx 000 0 und d aHULL, John C 0aOptions,Futures and Other Derivatives aN. DelhibPearsonc2014 a872 aMBA